| 000 | 00344nam a2200133Ia 4500 | ||
|---|---|---|---|
| 008 | 240624s9999 xx 000 0 und d | ||
| 041 | _aeng | ||
| 082 | _a920 KUM | ||
| 100 | _aKUMAR PANKAJ | ||
| 245 | _aMAHANAYAK NARENDRA MODI | ||
| 260 |
_c2014 _aNew Delhi _bDiamond Pocket Books Pvt. Ltd. |
||
| 300 | _a192 : p. : cm. ; 21 | ||
| 365 |
_cRS _b25 |
||
| 999 |
_c23854 _d23854 |
||